[Event "HUN-chT2 Maroczy 1819"]
[Site "Hungary"]
[Date "2019.03.10"]
[Round "9.8"]
[White "Teglas, Balazs"]
[Black "Hidegh, Eszter"]
[Result "1/2-1/2"]
[WhiteElo "2188"]
[BlackElo "2052"]
[PlyCount "144"]
[EventDate "2018.09.23"]
[EventType "team-tourn"]
[EventRounds "11"]
[EventCountry "HUN"]
[SourceTitle "EXT 2020"]
[Source "ChessBase"]
[SourceDate "2019.10.17"]
[SourceVersion "1"]
[SourceVersionDate "2019.10.17"]
[SourceQuality "1"]
[WhiteTeam "Budapest MTK"]
[BlackTeam "Penzugyor II"]
[WhiteTeamCountry "HUN"]
[BlackTeamCountry "HUN"]

1. d4 g6 2. e4 Bg7 3. Nc3 c6 4. Nf3 d5 5. h3 dxe4 6. Nxe4 Nd7 7. Bc4 Ndf6 8. Qe2 Nxe4 9. Qxe4 Nf6 10. Qe2 0-0 11. 0-0 Qc7 12. c3 Nd5 13. Re1 e6 14. Bg5 Nb6 15. Bb3 c5 16. dxc5 Qxc5 17. Rad1 Bd7 18. Be3 Qc7 19. Bd4 Bxd4 20. Rxd4 Bc6 21. Ne5 Bd5 22. c4 Bc6 23. Qe3 Nd7 24. Ng4 f5 25. Qxe6+ Kg7 26. Ne3 Rf6 27. Qe7+ Rf7 28. Qd6 Qa5 29. Rdd1 Nc5 30. Nd5 Ne4 31. Qe5+ Kh6 32. Qf4+ Kg7 33. Qe5+ Kh6 34. Qf4+ Kg7 35. Re3 Re8 36. h4 h6 37. Bc2 g5 38. Qf3 Qxa2 39. Rb3 Qa5 40. hxg5 hxg5 41. Qe3 Qc5 42. Bxe4 Qxe3 43. Rxe3 fxe4 44. Nc3 Rf5 45. b4 a6 46. Rd4 Rfe5 47. Nd1 Kf6 48. Rc3 R5e7 49. Ne3 Rd7 50. Rxd7 Bxd7 51. Kf1 Be6 52. Ke2 Rd8 53. Ra3 Rd4 54. Rc3 Ke5 55. Rc1 Bf7 56. b5 axb5 57. cxb5 Be8 58. Rc5+ Kf6 59. Nc2 Ra4 60. Ke3 b6 61. Rd5 Rc4 62. Nd4 Rc5 63. Rd6+ Ke5 64. Re6+ Kd5 65. Rxe8 Rc3+ 66. Kd2 Rd3+ 67. Ke2 Kxd4 68. Re6 Rb3 69. Rxb6 Rb2+ 70. Ke1 Rb1+ 71. Ke2 Rb2+ 72. Ke1 Rb1+ 1/2-1/2

[Event "HUN-chT 1819"]
[Site "Hungary"]
[Date "2019.02.10"]
[Round "5.5"]
[White "Ribli, Zoltan"]
[Black "Hidegh, Eszter"]
[Result "1-0"]
[WhiteElo "2537"]
[BlackElo "2043"]
[PlyCount "97"]
[EventDate "2018.11.17"]
[EventType "team-tourn"]
[EventRounds "9"]
[EventCountry "HUN"]
[SourceTitle "CBM 188 Extra"]
[Source "ChessBase"]
[SourceDate "2019.02.26"]
[SourceVersion "1"]
[SourceVersionDate "2019.02.26"]
[SourceQuality "1"]
[WhiteTeam "Aquaprofit"]
[BlackTeam "Penzugyor"]
[WhiteTeamCountry "HUN"]
[BlackTeamCountry "HUN"]

1. Nf3 g6 2. d4 Bg7 3. e4 c5 4. c4 cxd4 5. Nxd4 Nc6 6. Be3 Nf6 7. Nc3 d6 8. Be2 0-0 9. 0-0 Bd7 10. Nc2 b6 11. f3 Rc8 12. Qd2 Ne5 13. b3 Re8 14. Rfd1 Qc7 15. Nb4 Bc6 16. Rac1 Ned7 17. Nxc6 Qxc6 18. Qc2 Red8 19. f4 Nc5 20. Bf3 e5 21. Nb5 Rd7 22. b4 Ne6 23. f5 Nd8 24. Qb1 a6 25. Nc3 Qb7 26. fxg6 Rxc4 27. gxh7+ Kxh7 28. Nd5 Rxc1 29. Rxc1 b5 30. Qc2 Ne6 31. Qf2 Nxd5 32. Qh4+ Kg8 33. exd5 Nd4 34. Bxd4 exd4 35. Bg4 d3 36. Bxd7 Qxd7 37. Rd1 Qa7+ 38. Kf1 Qe3 39. Qf2 Qe4 40. Qf3 Qxb4 41. Qxd3 Qf4+ 42. Kg1 Be5 43. g3 Qg4 44. Rf1 Kg7 45. Kg2 Qa4 46. Qf3 f6 47. Kh3 Qxa2 48. Qg4+ Kf7 49. Rc1 1-0

[Event "HUN-chT2 Maroczy 1819"]
[Site "Hungary"]
[Date "2018.09.23"]
[Round "1.12"]
[White "Hidegh, Eszter"]
[Black "Valyi, Adel"]
[Result "1/2-1/2"]
[WhiteElo "2052"]
[BlackElo "1867"]
[PlyCount "50"]
[EventDate "2018.09.23"]
[EventType "team-tourn"]
[EventRounds "11"]
[EventCountry "HUN"]
[SourceTitle "EXT 2020"]
[Source "ChessBase"]
[SourceDate "2019.10.17"]
[SourceVersion "1"]
[SourceVersionDate "2019.10.17"]
[SourceQuality "1"]
[WhiteTeam "Penzugyor II"]
[BlackTeam "Szeged Maroczy II"]
[WhiteTeamCountry "HUN"]
[BlackTeamCountry "HUN"]

1. e4 c5 2. Nc3 Nc6 3. g3 g6 4. Bg2 Bg7 5. f4 d6 6. Nf3 e6 7. d3 Nge7 8. Be3 Rb8 9. 0-0 0-0 10. Qd2 b5 11. e5 dxe5 12. Bxc5 b4 13. Ne4 exf4 14. Qxf4 Rb5 15. a4 Ra5 16. Bf2 Nd5 17. Qc1 Nb6 18. Nc5 Nd4 19. Nxd4 Bxd4 20. Nb3 Bxf2+ 21. Rxf2 Rxa4 22. Rxa4 Nxa4 23. Qa1 Bd7 24. d4 Qc7 25. Be4 Bc6 1/2-1/2

[Event "Budapest-chT1 Lilienthal 1718"]
[Site "Budapest"]
[Date "2018.02.11"]
[Round "9"]
[White "Demjen, Attila"]
[Black "Hidegh, Eszter"]
[Result "0-1"]
[WhiteElo "1982"]
[BlackElo "2036"]
[PlyCount "160"]
[EventDate "2017.10.01"]
[EventType "team-tourn"]
[EventRounds "13"]
[EventCountry "HUN"]
[SourceTitle "EXT 2021"]
[Source "ChessBase"]
[SourceDate "2020.10.23"]
[SourceVersion "1"]
[SourceVersionDate "2020.10.23"]
[SourceQuality "1"]
[WhiteTeam "Penzugyor III"]
[BlackTeam "SENSE"]
[WhiteTeamCountry "HUN"]
[BlackTeamCountry "HUN"]

1. e4 c5 2. c3 g6 3. d4 Bg7 4. dxc5 Qc7 5. Be3 Nf6 6. f3 0-0 7. Na3 Na6 8. Bxa6 bxa6 9. Ne2 Rb8 10. Qc2 a5 11. Rd1 Ba6 12. 0-0 Rb7 13. Rd2 Rfb8 14. b3 Bf8 15. Rfd1 e6 16. Nb1 Bxc5 17. Bxc5 Qxc5+ 18. Kh1 a4 19. b4 Qe3 20. Ng3 Bb5 21. Nf1 Qg5 22. Rd6 a5 23. a3 Qf4 24. Qd2 Qh4 25. g3 Qh3 26. Ne3 Bc6 27. Qg2 Qh6 28. Re1 Rc7 29. e5 Ne8 30. Rd4 Qg7 31. Qf2 Rb5 32. Ng4 h5 33. c4 Rb8 34. Ne3 axb4 35. axb4 Rxb4 36. Kg1 Rcb7 37. Nd2 Rb2 38. Qf1 Qxe5 39. Qd3 a3 40. Nc2 Qc5 41. Qxa3 Qxa3 42. Nxa3 Ra7 43. Re3 Nc7 44. Ne4 d5 45. Nd6 Ra2 46. Nc8 R7xa3 47. Rxa3 Rxa3 48. Ne7+ Kg7 49. Nxc6 Rxf3 50. Kg2 Rc3 51. cxd5 Nxd5 52. Ne5 Ne3+ 53. Kf2 Nd5 54. Rd2 f6 55. Nf3 g5 56. Nd4 Kf7 57. Re2 e5 58. Nf5 Kg6 59. Nd6 g4 60. Rd2 Rf3+ 61. Ke2 Nc3+ 62. Ke1 e4 63. Rc2 Rd3 64. Rd2 Rf3 65. Nc4 Kf5 66. Nd6+ Ke6 67. Nc4 e3 68. Rd6+ Kf5 69. Rd3 e2 70. Rxf3+ gxf3 71. h3 Ne4 72. Ne3+ Kg5 73. h4+ Kg6 74. g4 hxg4 75. Nxg4 Kf5 76. Ne3+ Kf4 77. Nd5+ Ke5 78. Ne3 Nc5 79. Nc4+ Kd4 80. Kf2 Nd3+ 0-1

[Event "HUN-chT2 Erkel 1617"]
[Site "Hungary"]
[Date "2016.11.27"]
[Round "5.8"]
[White "Hidegh, Eszter"]
[Black "Vrona, Mihail"]
[Result "0-1"]
[WhiteElo "2086"]
[BlackElo "2032"]
[PlyCount "74"]
[EventDate "2016.09.25"]
[EventType "team-tourn"]
[EventRounds "11"]
[EventCountry "HUN"]
[SourceTitle "EXT 2021"]
[Source "ChessBase"]
[SourceDate "2020.10.23"]
[SourceVersion "1"]
[SourceVersionDate "2020.10.23"]
[SourceQuality "1"]
[WhiteTeam "Szigetszentmiklos"]
[BlackTeam "Fot"]
[WhiteTeamCountry "HUN"]
[BlackTeamCountry "HUN"]

1. e4 e5 2. d4 exd4 3. Nf3 Nc6 4. Bc4 Be7 5. c3 d3 6. Qb3 Na5 7. Bxf7+ Kf8 8. Qa4 Kxf7 9. Qxa5 d6 10. Qd5+ Kf8 11. Qxd3 Nf6 12. 0-0 h6 13. Nd4 g6 14. f4 c5 15. Ne2 Kg7 16. c4 Rf8 17. Nbc3 Kh7 18. f5 g5 19. h4 Ng4 20. f6 Ne5 21. fxe7 Rxf1+ 22. Kxf1 Qxe7 23. Qc2 Bg4 24. b3 Rf8+ 25. Ke1 Qf6 26. Bb2 Qf1+ 27. Kd2 Qxg2 28. Rd1 Rf2 29. Kc1 Bxe2 30. Nxe2 Rxe2 31. Qc3 Qxe4 32. hxg5 h5 33. g6+ Kg8 34. Qh3 h4 35. Rxd6 Re1+ 36. Rd1 Nd3+ 37. Kc2 Nb4+ 0-1

[Event "HUN-chT 1415"]
[Site "Hungary"]
[Date "2015.04.26"]
[Round "9.1"]
[White "Hidegh, Eszter"]
[Black "Horvath, Andras"]
[Result "1/2-1/2"]
[WhiteElo "2083"]
[BlackElo "2347"]
[PlyCount "48"]
[EventDate "2014.10.12"]
[EventType "team-tourn"]
[EventRounds "9"]
[EventCountry "HUN"]
[SourceTitle "EXT 2016"]
[Source "ChessBase"]
[SourceDate "2015.10.08"]
[SourceVersion "1"]
[SourceVersionDate "2015.10.08"]
[SourceQuality "1"]
[WhiteTeam "Szigetszentmiklos"]
[BlackTeam "MLTC"]
[WhiteTeamCountry "HUN"]
[BlackTeamCountry "HUN"]

1. e4 e5 2. d4 exd4 3. Qxd4 Nc6 4. Qe3 g6 5. Bd2 Bg7 6. Nc3 Nge7 7. 0-0-0 0-0 8. Qg5 d6 9. h4 h5 10. f3 Ne5 11. g4 hxg4 12. h5 f6 13. Qe3 gxf3 14. Nxf3 Be6 15. Nd4 Qd7 16. Qg3 Bg4 17. h6 Bh8 18. Be2 Kh7 19. Rdg1 Bxe2 20. Ndxe2 c6 21. Nf4 Rg8 22. Nh3 Raf8 23. Ne2 Qe6 24. Kb1 b5 1/2-1/2

[Event "HUN-chT 1415"]
[Site "Hungary"]
[Date "2015.03.22"]
[Round "8.1"]
[White "Balla, Tamas Kristof"]
[Black "Hidegh, Eszter"]
[Result "1-0"]
[WhiteElo "2366"]
[BlackElo "2083"]
[PlyCount "73"]
[EventDate "2014.10.12"]
[EventType "team-tourn"]
[EventRounds "9"]
[EventCountry "HUN"]
[SourceTitle "EXT 2016"]
[Source "ChessBase"]
[SourceDate "2015.10.08"]
[SourceVersion "1"]
[SourceVersionDate "2015.10.08"]
[SourceQuality "1"]
[WhiteTeam "Mako"]
[BlackTeam "Szigetszentmiklos"]
[WhiteTeamCountry "HUN"]
[BlackTeamCountry "HUN"]

1. e4 c6 2. Nf3 d5 3. Nc3 g6 4. d4 dxe4 5. Nxe4 Bg7 6. Bg5 Nf6 7. Nxf6+ exf6 8. Be3 0-0 9. Qd2 Re8 10. Be2 Be6 11. c4 Na6 12. 0-0 Nc7 13. Rfd1 Qd7 14. a4 Rad8 15. Qa5 b6 16. Qc3 Bg4 17. h3 Bxh3 18. gxh3 Qxh3 19. Nh2 Re4 20. Bf1 Qh5 21. Bg2 Rh4 22. Nf1 f5 23. f3 g5 24. Bf2 Rf4 25. Ng3 Qh6 26. Ne2 Ne6 27. Nxf4 Nxf4 28. Qe3 g4 29. fxg4 fxg4 30. Ra3 Kf8 31. Qe1 Re8 32. Re3 Rxe3 33. Qxe3 g3 34. Qa3+ c5 35. Bxg3 Bxd4+ 36. Kf1 Qh5 37. Qf3 1-0

[Event "HUN-chT2 Maroczy 1314"]
[Site "Hungary"]
[Date "2014.04.27"]
[Round "11"]
[White "Hidegh, Eszter"]
[Black "Balogh, David"]
[Result "0-1"]
[WhiteElo "2066"]
[BlackElo "2046"]
[PlyCount "110"]
[EventDate "2013.09.08"]
[EventType "team-tourn"]
[EventRounds "11"]
[EventCountry "HUN"]
[SourceTitle "EXT 2016"]
[Source "ChessBase"]
[SourceDate "2015.10.08"]
[SourceVersion "1"]
[SourceVersionDate "2015.10.08"]
[SourceQuality "1"]
[WhiteTeam "Penzugyor II"]
[BlackTeam "Kisujszallas"]
[WhiteTeamCountry "HUN"]
[BlackTeamCountry "HUN"]

1. e4 e6 2. Nf3 d5 3. e5 c5 4. b4 d4 5. Bb5+ Bd7 6. Qe2 Nc6 7. bxc5 Bxc5 8. c3 Nge7 9. Bb2 Rc8 10. 0-0 Qb6 11. cxd4 Nxd4 12. Bxd7+ Kxd7 13. Bxd4 Bxd4 14. Qd3 Nc6 15. Nc3 Rhd8 16. Rab1 Qa6 17. Nb5 Ke7 18. Qxh7 Bxe5 19. Nxe5 Nxe5 20. d4 Ng6 21. Qxg7 Rd5 22. f4 Nh4 23. Qh7 Nf5 24. g4 Rxb5 25. Rxb5 Qxb5 26. gxf5 Qxf5 27. Qxf5 exf5 28. Re1+ Kf6 29. Kf2 Rc3 30. Re3 Rc4 31. Ra3 Rxd4 32. Ke3 Re4+ 33. Kf3 a6 34. Ra5 Rc4 35. Kg3 Rc3+ 36. Kf2 Kg6 37. Kg2 Rc6 38. Kf3 Rc2 39. Kg3 Rc3+ 40. Kg2 Rc6 41. Kf3 b5 42. Ra3 Kh5 43. Rd3 b4 44. Rd4 a5 45. Rd5 Rc3+ 46. Ke2 Rc2+ 47. Kd3 Rxa2 48. Rxf5+ Kg6 49. Rg5+ Kf6 50. Kc4 Rc2+ 51. Kb3 Rc3+ 52. Kb2 a4 53. Rb5 Rc4 54. f5 Rh4 55. h3 Rxh3 0-1

[Event "HUN-chT2 Maroczy 1314"]
[Site "Hungary"]
[Date "2014.04.13"]
[Round "10"]
[White "Hidegh, Eszter"]
[Black "Hargittay, Szabolcs"]
[Result "1/2-1/2"]
[WhiteElo "2066"]
[BlackElo "2145"]
[PlyCount "36"]
[EventDate "2013.09.08"]
[EventType "team-tourn"]
[EventRounds "11"]
[EventCountry "HUN"]
[SourceTitle "EXT 2016"]
[Source "ChessBase"]
[SourceDate "2015.10.08"]
[SourceVersion "1"]
[SourceVersionDate "2015.10.08"]
[SourceQuality "1"]
[WhiteTeam "Penzugyor II"]
[BlackTeam "Budapest MLTC II"]
[WhiteTeamCountry "HUN"]
[BlackTeamCountry "HUN"]

1. e4 c5 2. Nc3 Nc6 3. d3 g6 4. Be3 Nd4 5. g3 Bg7 6. Bg2 d6 7. f4 e6 8. Nf3 Ne7 9. 0-0 0-0 10. e5 Nef5 11. Bf2 d5 12. Ne2 Nxf3+ 13. Bxf3 d4 14. c3 f6 15. g4 Ne3 16. Bxe3 dxe3 17. d4 cxd4 18. cxd4 g5 1/2-1/2

[Event "Budapest-chT1 Lilienthal 1314"]
[Site "Budapest"]
[Date "2014.03.09"]
[Round "9"]
[White "Valis, Janos"]
[Black "Hidegh, Eszter"]
[Result "0-1"]
[WhiteElo "2075"]
[BlackElo "2066"]
[PlyCount "72"]
[EventDate "2013.09.29"]
[EventType "team-tourn"]
[EventRounds "11"]
[EventCountry "HUN"]
[SourceTitle "EXT 2021"]
[Source "ChessBase"]
[SourceDate "2020.10.23"]
[SourceVersion "1"]
[SourceVersionDate "2020.10.23"]
[SourceQuality "1"]
[WhiteTeam "Budapest HUSI II"]
[BlackTeam "Penzugyor III"]
[WhiteTeamCountry "HUN"]
[BlackTeamCountry "HUN"]

1. e4 c6 2. d3 d5 3. Nd2 g6 4. Ngf3 Bg7 5. g3 e5 6. Bg2 Ne7 7. 0-0 0-0 8. Re1 Qc7 9. Qe2 Nd7 10. exd5 cxd5 11. c4 dxc4 12. Nxc4 Nc6 13. d4 e4 14. Qxe4 Nxd4 15. Nxd4 Qxc4 16. Be3 Nc5 17. Qc2 Qxc2 18. Nxc2 Nd3 19. Re2 Nxb2 20. Bd4 Rd8 21. Bxg7 Kxg7 22. Re7 Rb8 23. Ne3 Kf8 24. Rc7 Rd7 25. Rac1 Rxc7 26. Rxc7 Be6 27. a3 Rc8 28. Rxb7 Rc1+ 29. Bf1 Nd1 30. Rb8+ Kg7 31. Kg2 Nxe3+ 32. fxe3 Ra1 33. h4 Rxa3 34. Kf3 a5 35. Kf4 a4 36. Ra8 Ra1 0-1

[Event "Budapest-chT1 Lilienthal 1314"]
[Site "Budapest"]
[Date "2014.01.19"]
[Round "6"]
[White "Kis, Bela"]
[Black "Hidegh, Eszter"]
[Result "0-1"]
[WhiteElo "2119"]
[BlackElo "2066"]
[PlyCount "72"]
[EventDate "2013.09.29"]
[EventType "team-tourn"]
[EventRounds "11"]
[EventCountry "HUN"]
[SourceTitle "EXT 2021"]
[Source "ChessBase"]
[SourceDate "2020.10.23"]
[SourceVersion "1"]
[SourceVersionDate "2020.10.23"]
[SourceQuality "1"]
[WhiteTeam "Budapest Vasas II"]
[BlackTeam "Penzugyor III"]
[WhiteTeamCountry "HUN"]
[BlackTeamCountry "HUN"]

1. e4 c6 2. d4 g6 3. Nf3 d5 4. Nc3 Bg7 5. Bd3 Bg4 6. Be3 dxe4 7. Nxe4 Bxf3 8. Qxf3 Nd7 9. 0-0 Ngf6 10. Ng5 0-0 11. c4 h6 12. Nh3 e5 13. Rad1 Qe7 14. dxe5 Nxe5 15. Qe2 Neg4 16. Bf4 Qc5 17. b4 Qxb4 18. Rb1 Qc5 19. Rxb7 Rfe8 20. Qf3 g5 21. Bg3 Ne5 22. Qf5 Nxd3 23. Qxd3 Rad8 24. Qb3 Rd4 25. Qb4 Bf8 26. Qb2 a5 27. Bb8 Qxc4 28. g3 Re2 29. Qb6 a4 30. Ba7 Rdd2 31. Rb8 Nd7 32. Rxf8+ Nxf8 33. a3 Rb2 34. Qd8 Qd5 35. Qc8 Qd7 36. Qa8 Re8 0-1

[Event "HUN-chT2 Maroczy 1314"]
[Site "Hungary"]
[Date "2013.11.17"]
[Round "5"]
[White "Hidegh, Eszter"]
[Black "Borbely, Zsombor"]
[Result "1-0"]
[WhiteElo "2066"]
[BlackElo "1598"]
[PlyCount "69"]
[EventDate "2013.09.08"]
[EventType "team-tourn"]
[EventRounds "11"]
[EventCountry "HUN"]
[SourceTitle "EXT 2016"]
[Source "ChessBase"]
[SourceDate "2015.10.08"]
[SourceVersion "1"]
[SourceVersionDate "2015.10.08"]
[SourceQuality "1"]
[WhiteTeam "Penzugyor II"]
[BlackTeam "Debrecen SBK"]
[WhiteTeamCountry "HUN"]
[BlackTeamCountry "HUN"]

1. e4 c5 2. b3 Nc6 3. Bb2 d5 4. exd5 Qxd5 5. Nc3 Qd8 6. Qh5 Nd4 7. 0-0-0 Bf5 8. Qxf5 Nxf5 9. Bb5+ Qd7 10. Bxd7+ Kxd7 11. Ne4 Rc8 12. Nf3 f6 13. d4 cxd4 14. Nxd4 Nd6 15. Rhe1 Nh6 16. Ne6 b6 17. Ba3 Rc6 18. Nd4 Rc8 19. Ne6 Nhf7 20. Re2 a6 21. c4 Ne5 22. Nxf8+ Rhxf8 23. Nxd6 exd6 24. Rxd6+ Kc7 25. f4 Ng6 26. Ree6 Rfd8 27. Rc6+ Kd7 28. Rxb6 Ra8 29. f5 Ne5 30. Re7+ Kc8 31. Bd6 Rd7 32. Re8+ Rd8 33. Rxd8+ Kxd8 34. Bxe5 fxe5 35. Rb7 1-0

[Event "Budapest-chT1 Lilienthal 1314"]
[Site "Budapest"]
[Date "2013.11.10"]
[Round "3"]
[White "Krizsany, Laszlo Sr"]
[Black "Hidegh, Eszter"]
[Result "1/2-1/2"]
[WhiteElo "1868"]
[BlackElo "2066"]
[PlyCount "29"]
[EventDate "2013.09.29"]
[EventType "team-tourn"]
[EventRounds "11"]
[EventCountry "HUN"]
[SourceTitle "EXT 2021"]
[Source "ChessBase"]
[SourceDate "2020.10.23"]
[SourceVersion "1"]
[SourceVersionDate "2020.10.23"]
[SourceQuality "1"]
[WhiteTeam "REAC SISE"]
[BlackTeam "Penzugyor III"]
[WhiteTeamCountry "HUN"]
[BlackTeamCountry "HUN"]

1. d4 c5 2. d5 e5 3. e4 d6 4. Nc3 Be7 5. Nf3 Bg4 6. Be2 Bxf3 7. Bxf3 Bg5 8. g3 Bxc1 9. Qxc1 Ne7 10. Qd2 0-0 11. 0-0 f5 12. exf5 Nxf5 13. Bg2 Nd4 14. Ne4 Na6 15. Ng5 1/2-1/2

[Event "Budapest-chT1 Lilienthal 1213"]
[Site "Budapest"]
[Date "2013.05.05"]
[Round "11"]
[White "Hidegh, Eszter"]
[Black "Vegh, Karoly"]
[Result "1-0"]
[WhiteElo "2080"]
[BlackElo "2023"]
[PlyCount "73"]
[EventDate "2012.09.30"]
[EventType "team-tourn"]
[EventRounds "11"]
[EventCountry "HUN"]
[SourceTitle "EXT 2019"]
[Source "ChessBase"]
[SourceDate "2018.10.10"]
[SourceVersion "1"]
[SourceVersionDate "2018.10.10"]
[SourceQuality "1"]
[WhiteTeam "Penzugyor III"]
[BlackTeam "Budapest REAC SISE"]
[WhiteTeamCountry "HUN"]
[BlackTeamCountry "HUN"]

1. e4 d5 2. exd5 Qxd5 3. Nc3 Qa5 4. d4 Nf6 5. Bc4 c6 6. Nf3 Bg4 7. Bd2 e6 8. 0-0 Qf5 9. Be2 Bd6 10. Ne5 Bxe2 11. Qxe2 0-0 12. g4 Qxc2 13. Rfc1 Qxb2 14. Nc4 Qb4 15. g5 Ne8 16. Rab1 Bxh2+ 17. Kxh2 Qe7 18. Ne4 Na6 19. Na5 Nd6 20. Bf4 Nb5 21. Nf6+ Kh8 22. Be5 Nxd4 23. Bxd4 Qc7+ 24. Qe5 Rad8 25. Qxc7 Nxc7 26. Bc5 gxf6 27. Bxf8 Rxf8 28. gxf6 b6 29. Nxc6 Nd5 30. Ne7 Nxf6 31. Rc8 Nd7 32. Rg1 Rxc8 33. Nxc8 Ne5 34. Kg3 f6 35. Kf4 Nd3+ 36. Ke3 Ne5 37. Ne7 1-0

[Event "HUN-chT2 Charousek 1213"]
[Site "Hungary"]
[Date "2013.04.21"]
[Round "11"]
[White "Reiter, Laszlo"]
[Black "Hidegh, Eszter"]
[Result "0-1"]
[WhiteElo "1888"]
[BlackElo "2080"]
[PlyCount "134"]
[EventDate "2012.09.16"]
[EventType "team-tourn"]
[EventRounds "11"]
[EventCountry "HUN"]
[SourceTitle "EXT 2014"]
[Source "ChessBase"]
[SourceDate "2013.11.20"]
[SourceVersion "1"]
[SourceVersionDate "2013.11.20"]
[SourceQuality "1"]
[WhiteTeam "Fehervar"]
[BlackTeam "Penzugyor II"]
[WhiteTeamCountry "HUN"]
[BlackTeamCountry "HUN"]

1. c4 e5 2. Nc3 Nc6 3. g3 g6 4. Bg2 Bg7 5. e3 f5 6. Nge2 Nf6 7. 0-0 0-0 8. d4 d6 9. d5 Ne7 10. e4 c6 11. Bg5 h6 12. Bxf6 Rxf6 13. dxc6 bxc6 14. Qd2 Ba6 15. b3 f4 16. f3 g5 17. Rad1 Qb6+ 18. Kh1 Rd8 19. Ng1 h5 20. Na4 Qc7 21. Nc5 Bc8 22. Nd3 Ng6 23. Bh3 g4 24. Bg2 Bh6 25. Nf2 Qh7 26. Qe2 fxg3 27. hxg3 gxf3 28. Bxf3 h4 29. Ng4 Bxg4 30. Bxg4 Rdf8 31. Rxf6 Rxf6 32. Bf5 hxg3 33. Qg4 Kh8 34. Nh3 Bf4 35. Kg2 Nh4+ 36. Kf1 Nxf5 37. exf5 Qxf5 38. Qxf5 Rxf5 39. Rxd6 c5 40. Kg2 a5 41. Rd5 Be3 42. Kxg3 Bd4 43. Rd7 e4 44. Re7 e3 45. Kg2 Be5 46. Ng1 Rf2+ 47. Kh3 Rh2+ 48. Kg4 Bd6 49. Re8+ Kg7 50. Nf3 Rg2+ 51. Kf5 e2 52. Re4 Bg3 53. Re6 Rf2 54. Kg4 Rxf3 55. Rxe2 Rd3 56. Rg2 Be1 57. Kf5+ Kf7 58. Re2 Bb4 59. Rh2 Rd2 60. Rxd2 Bxd2 61. Ke4 Ke6 62. Kd3 Bb4 63. Ke4 Bd2 64. a3 Bc1 65. a4 Bg5 66. b4 cxb4 67. c5 Bf6 0-1

[Event "Budapest-chT1 Lilienthal 1213"]
[Site "Budapest"]
[Date "2013.03.10"]
[Round "9"]
[White "Hidegh, Eszter"]
[Black "Kertesz, Zsolt"]
[Result "1/2-1/2"]
[WhiteElo "2080"]
[BlackElo "2051"]
[PlyCount "51"]
[EventDate "2012.09.30"]
[EventType "team-tourn"]
[EventRounds "11"]
[EventCountry "HUN"]
[SourceTitle "EXT 2019"]
[Source "ChessBase"]
[SourceDate "2018.10.10"]
[SourceVersion "1"]
[SourceVersionDate "2018.10.10"]
[SourceQuality "1"]
[WhiteTeam "Penzugyor III"]
[BlackTeam "Fabulon"]
[WhiteTeamCountry "HUN"]
[BlackTeamCountry "HUN"]

1. e4 c5 2. Nc3 g6 3. d3 Bg7 4. Be3 d6 5. g3 Nc6 6. Bg2 Nf6 7. h3 0-0 8. f4 Rb8 9. Nge2 Bd7 10. 0-0 b5 11. Qd2 b4 12. Nd1 a5 13. g4 a4 14. f5 a3 15. Bh6 axb2 16. Nxb2 Nxe4 17. dxe4 Bxb2 18. Rad1 Bg7 19. Bxg7 Kxg7 20. f6+ exf6 21. Qxd6 Nd4 22. Nxd4 cxd4 23. g5 Bb5 24. Rxf6 Qxd6 25. Rxd6 Bc4 26. R6xd4 1/2-1/2

[Event "HUN-chT2 Charousek 1213"]
[Site "Hungary"]
[Date "2013.02.17"]
[Round "7"]
[White "Hidegh, Eszter"]
[Black "Makk, Norbert"]
[Result "0-1"]
[WhiteElo "2080"]
[BlackElo "2013"]
[PlyCount "72"]
[EventDate "2012.09.16"]
[EventType "team-tourn"]
[EventRounds "11"]
[EventCountry "HUN"]
[SourceTitle "EXT 2014"]
[Source "ChessBase"]
[SourceDate "2013.11.20"]
[SourceVersion "1"]
[SourceVersionDate "2013.11.20"]
[SourceQuality "1"]
[WhiteTeam "Penzugyor II"]
[BlackTeam "Alsoszolnok"]
[WhiteTeamCountry "HUN"]
[BlackTeamCountry "HUN"]

1. e4 d5 2. exd5 Qxd5 3. Nc3 Qa5 4. d4 Nf6 5. Bc4 Bf5 6. Bd2 c6 7. Nf3 e6 8. 0-0 Nbd7 9. Re1 Qc7 10. a4 Nb6 11. Bb3 Bd6 12. a5 Nbd5 13. Nxd5 cxd5 14. Ba4+ Nd7 15. Ne5 Bxe5 16. dxe5 0-0 17. Bxd7 Qxd7 18. Bb4 Rfc8 19. c3 Qb5 20. Qe2 Bd3 21. Qg4 Rc4 22. Qg5 Rac8 23. h4 h6 24. Qg3 Bf5 25. f3 d4 26. h5 d3 27. Qf2 Qd5 28. g4 Bxg4 29. fxg4 Rxg4+ 30. Kh2 d2 31. Rg1 Qxe5+ 32. Rg3 Rxg3 33. Qxg3 Qxh5+ 34. Qh3 d1Q 35. Rxd1 Qxd1 36. Qe3 Rd8 0-1

[Event "HUN-chT2 Charousek 1213"]
[Site "Hungary"]
[Date "2012.12.02"]
[Round "5"]
[White "Nagy, Lajos"]
[Black "Hidegh, Eszter"]
[Result "1/2-1/2"]
[WhiteElo "1913"]
[BlackElo "2080"]
[PlyCount "70"]
[EventDate "2012.09.16"]
[EventType "team-tourn"]
[EventRounds "11"]
[EventCountry "HUN"]
[SourceTitle "EXT 2014"]
[Source "ChessBase"]
[SourceDate "2013.11.20"]
[SourceVersion "1"]
[SourceVersionDate "2013.11.20"]
[SourceQuality "1"]
[WhiteTeam "Paks II"]
[BlackTeam "Penzugyor II"]
[WhiteTeamCountry "HUN"]
[BlackTeamCountry "HUN"]

1. e4 c6 2. d4 g6 3. Nc3 d5 4. Nf3 Bg7 5. h3 dxe4 6. Nxe4 Nd7 7. Bc4 Ngf6 8. Nxf6+ Nxf6 9. 0-0 0-0 10. Re1 Qc7 11. Qe2 e6 12. c3 Nd5 13. Ne5 c5 14. Bd2 Rd8 15. Rac1 b6 16. Bb3 Bb7 17. f4 Rac8 18. a3 Qe7 19. Rcd1 cxd4 20. cxd4 a5 21. Qb5 Qh4 22. Rf1 Qg3 23. Rf3 Qh4 24. Be1 Qe7 25. Qe2 Rc7 26. g4 Nf6 27. Re3 Nd5 28. Rf3 Nf6 29. Rf1 Bd5 30. Bc2 Rdc8 31. Bc3 Nd7 32. Qf2 b5 33. Bd3 b4 34. axb4 axb4 35. Bd2 b3 1/2-1/2

[Event "HUN-chT2 Charousek 1213"]
[Site "Hungary"]
[Date "2012.11.18"]
[Round "4"]
[White "Hidegh, Eszter"]
[Black "Pal, Csanad"]
[Result "1/2-1/2"]
[WhiteElo "2080"]
[BlackElo "1875"]
[PlyCount "36"]
[EventDate "2012.09.16"]
[EventType "team-tourn"]
[EventRounds "11"]
[EventCountry "HUN"]
[SourceTitle "EXT 2014"]
[Source "ChessBase"]
[SourceDate "2013.11.20"]
[SourceVersion "1"]
[SourceVersionDate "2013.11.20"]
[SourceQuality "1"]
[WhiteTeam "Penzugyor II"]
[BlackTeam "Haladas II"]
[WhiteTeamCountry "HUN"]
[BlackTeamCountry "HUN"]

1. e4 e5 2. d4 exd4 3. Nf3 c5 4. c3 dxc3 5. Bc4 Nc6 6. Nxc3 d6 7. 0-0 Bg4 8. Qb3 Qd7 9. Ng5 Nh6 10. Bd5 f6 11. Be6 Bxe6 12. Qxe6+ Be7 13. Qxd7+ Kxd7 14. Nh3 Nf7 15. f4 Rad8 16. Be3 Kc8 17. Nd5 Rde8 18. Nf2 b6 1/2-1/2